Statistics for Islands Divided by Multiple Countries

Click here to take the quiz!

General Stats

  • This quiz has been taken 2,504 times
    (2,203 since last reset)
  • The average score is 21 of 25

Answer Stats

IslandsCountry% Correct
New Guinea, Borneo, Timor, Sebatik IslandIndonesia
99%
Borneo, Sebatik IslandMalaysia
98%
HispaniolaDominican Republic
97%
TimorEast Timor
97%
HispaniolaHaiti
97%
New GuineaPapua New Guinea
97%
Saint MartinFrance
96%
Ireland, CyprusUnited Kingdom
96%
Hans IslandDenmark
94%
BorneoBrunei
93%
Saint MartinNetherlands
93%
Vanhasaari, Jähi, Unnamed island southeast of PeräluotRussia
92%
Isla Grande de Tierra del FuegoArgentina
91%
Isla Grande de Tierra del FuegoChile
90%
Kataja, Vanhasaari, Jähi, Unnamed island southeast of Peräluot, MärketFinland
90%
Kataja, MärketSweden
90%
Hans IslandCanada
89%
CyprusCyprus
89%
IrelandIreland
89%
UsedomGermany
74%
UsedomPoland
68%
Passport IslandSaudi Arabia
59%
Passport IslandBahrain
58%
K IslandUkraine
41%
K IslandRomania
40%

Score Distribution

Percentile by Number Answered

Percent of People with Each Score

Your Score History

You have not taken this quiz since the last reset